TO ANALYSIS THE LEAD TIME REDUCTION BY THE APPLICATION OF VALUE STREAM MAPPING AND TO DEVELOP AN IMPLEMENTATION APPROACH FOR THE APPAREL INDUSTRY OF PAKISTAN / (Record no. 525628)
[ view plain ]
| 000 -LEADER | |
|---|---|
| fixed length control field | 00663nam a22001937a 4500 |
| 003 - CONTROL NUMBER IDENTIFIER | |
| control field | NUST |
| 005 - DATE AND TIME OF LATEST TRANSACTION | |
| control field | 20190703095608.0 |
| 008 - FIXED-LENGTH DATA ELEMENTS--GENERAL INFORMATION | |
| fixed length control field | 190703b ||||| |||| 00| 0 eng d |
| 038 ## - RECORD CONTENT LICENSOR | |
| Staff Name | Mr. Zahoor |
| 082 ## - DEWEY DECIMAL CLASSIFICATION NUMBER | |
| Classification number | 658.56 |
| 100 ## - MAIN ENTRY--PERSONAL NAME | |
| Personal name | Ahmad, Fayyaz |
| 9 (RLIN) | 16550 |
| 245 ## - TITLE STATEMENT | |
| Title | TO ANALYSIS THE LEAD TIME REDUCTION BY THE APPLICATION OF VALUE STREAM MAPPING AND TO DEVELOP AN IMPLEMENTATION APPROACH FOR THE APPAREL INDUSTRY OF PAKISTAN / |
| Statement of responsibility, etc. | Fayyaz Ahmad |
| 260 ## - PUBLICATION, DISTRIBUTION, ETC. | |
| Place of publication, distribution, etc. | Islambad : |
| Name of publisher, distributor, etc. | CEME - NUST, |
| Date of publication, distribution, etc. | 2012. |
| 300 ## - PHYSICAL DESCRIPTION | |
| Extent | xiv, 83 p. : ill. ; |
| Dimensions | 30cm. |
| 500 ## - GENERAL NOTE | |
| General note | Hardcover. |
| 650 ## - SUBJECT ADDED ENTRY--TOPICAL TERM | |
| Topical term or geographic name entry element | MEM - MS -PhD |
| 9 (RLIN) | 16551 |
| 700 ## - ADDED ENTRY--PERSONAL NAME | |
| Personal name | Prof. Brig. Dr. Nawar Khan |
| 9 (RLIN) | 16552 |
| 942 ## - ADDED ENTRY ELEMENTS (KOHA) | |
| Source of classification or shelving scheme | |
| Koha item type | Thesis |
| Withdrawn status | Lost status | Source of classification or shelving scheme | Damaged status | Not for loan | Permanent Location | Current Location | Date acquired | Total Checkouts | Full call number | Barcode | Date last seen | Price effective from | Koha item type |
|---|---|---|---|---|---|---|---|---|---|---|---|---|---|
| Central Library (CL) | Central Library (CL) | 07/03/2019 | 658.56 | CL-T-181 | 07/03/2019 | 07/03/2019 | Thesis |
